000 00999nam a22002177a 4500
003 NALT
005 20251125233012.0
008 s2549 th tha d
040 _aNALT
041 _atha
090 _aKD31 ส226ร 2475-2549
110 0 _aสำนักงานเลขาธิการสภาผู้แทนราษฎร. สำนักกฎหมาย
245 1 0 _aรวมรัฐธรรมนูญแห่งราชอาณาจักรไทย (2475-2549)
260 3 _aกรุงเทพฯ :
_bสำนักกฎหมาย สำนักงานเลขาธิการสภาผู้แทนราษฎร,
_c2549
300 _a512 หน้า ;
_b29 ซม.
650 0 4 _aรัฐธรรมนูญไทย -- 2475--2549
850 _aNALT
856 4 0 _uhttps://hdl.handle.net/20.500.14156/461602
942 _cLB
_2lcc
999 _c49427
_d49427
998 _j109
_k นางสาวอารีรัตน์ วิชาช่าง